000 00304nam a22001217a 4500
008 180425b xxu||||| |||| 00| 0 eng d
041 _aeng
080 _a043.3
100 _a0
101 _aSHKI-BA
245 _aNdertimi i Qendrave ne Internet Permes Platformes Intranet
_cKrasniqi ,I
942 _2udc
_cBK
999 _c45510
_d45510